[Event "Lvov Tradition IM 03"]
[Site "Lvov"]
[Date "2018.03.26"]
[Round "8"]
[White "Shankovsky, Andriy"]
[Black "Skliarov, Viktor"]
[Result "1/2-1/2"]
[WhiteElo "2315"]
[BlackElo "2353"]
[PlyCount "69"]
[EventDate "2018.03.22"]
[EventType "tourn"]
[EventRounds "9"]
[EventCountry "UKR"]
[SourceTitle "CBM 183 Extra"]
[Source "ChessBase"]
[SourceDate "2018.04.19"]
[SourceVersion "1"]
[SourceVersionDate "2018.04.19"]
[SourceQuality "1"]

1. e4 c5 2. Nf3 Nc6 3. d4 cxd4 4. Nxd4 Nf6 5. Nc3 e5 6. Ndb5 d6 7. Bg5 a6 8. Na3 b5 9. Nd5 Be7 10. Bxf6 Bxf6 11. Be2 Bg5 12. 0-0 0-0 13. c3 Ne7 14. Nc2 Nxd5 15. Qxd5 Be6 16. Qd3 d5 17. Rfd1 dxe4 18. Qxe4 Qc7 19. Nb4 f5 20. Qc6 Qxc6 21. Nxc6 e4 22. Rd6 Rf6 23. Nd4 Bc8 24. Rd5 g6 25. a4 bxa4 26. Rxa4 Rb6 27. b3 Bf6 28. g3 Kf8 29. Rc4 Be6 30. Nxe6+ Rxe6 31. Rc7 Re7 32. Rxe7 Kxe7 33. Ra5 Bxc3 34. Rxa6 Rxa6 35. Bxa6 1/2-1/2